Representations of compact lie groups / (Record no. 29409)

000 -LEADER
fixed length control field 00631 a2200193 4500
020 ## - INTERNATIONAL STANDARD BOOK NUMBER
International Standard Book Number 3540136789
020 ## - INTERNATIONAL STANDARD BOOK NUMBER
International Standard Book Number 9783540136781
082 04 - DEWEY DECIMAL CLASSIFICATION NUMBER
Classification number 512.55
090 ## - LOCALLY ASSIGNED LC-TYPE CALL NUMBER (OCLC); LOCAL CALL NUMBER (RLIN)
-- 783
-- 783
100 1# - MAIN ENTRY--PERSONAL NAME
Personal name Bröcker, T.
245 ## - TITLE STATEMENT
Title Representations of compact lie groups /
Statement of responsibility, etc. T. Bröcker, T.tom Dieck
260 ## - PUBLICATION, DISTRIBUTION, ETC.
Place of publication, distribution, etc. [S.l.] :
Name of publisher, distributor, etc. Springer,
Date of publication, distribution, etc. 1985
300 ## - PHYSICAL DESCRIPTION
Extent 323 p. ;
Dimensions 25 cm
490 ## - SERIES STATEMENT
Series statement Graduate texts in mathematics
700 ## - ADDED ENTRY--PERSONAL NAME
Personal name Dieck, T.t
830 ## - SERIES ADDED ENTRY--UNIFORM TITLE
Uniform title Graduate texts in mathemati
942 ## - ADDED ENTRY ELEMENTS (KOHA)
Institution code [OBSOLETE] SNS
Koha item type Book
Call number prefix 512.55 BRO
Holdings
Withdrawn status Lost status Damaged status Not for loan Permanent Location Current Location Date acquired Total Checkouts Full call number Barcode Date last seen Date last checked out Price effective from Koha item type
        School of Natural Sciences (SNS) School of Natural Sciences (SNS) 05/26/2016 1 512.55 BRO SNS0000951 11/18/2022 04/16/2019 05/26/2016 Book
© 2023 Central Library, National University of Sciences and Technology. All Rights Reserved.